| 000 | 01059cam a22003257a 4500 | ||
|---|---|---|---|
| 003 | CHAP | ||
| 005 | 20220329140058.0 | ||
| 008 | 971013c19711961 r 00010 d | ||
| 010 | _a46670 | ||
| 011 | _a47642 | ||
| 035 | _a51785 | ||
| 040 | _cCHAP | ||
| 082 |
_a301 _bT5Y |
||
| 100 | 0 | 0 |
_aTimasheff, Nicholas S. _9113322 |
| 245 | 1 | 3 | _aLa teoría sociológica; su naturaleza y desarrollo |
| 260 |
_aMéxico, D.F. : _bFondo de Cultura Económica, _c1971 (c.1961) |
||
| 300 | _a397 p. | ||
| 490 | 0 | _aSección de obras de sociología | |
| 590 |
_aBATCH-UPD _b10 _c20130110 _lUCH01 _h0117 |
||
| 590 |
_aBATCH-UPD _b10 _c20130110 _lUCH01 _h0947 |
||
| 590 |
_aBATCH-UPD _b10 _c20130409 _lUCH01 _h2110 |
||
| 590 |
_aBATCH-UPD _b10 _c20130410 _lUCH01 _h0602 |
||
| 590 |
_aBATCH-UPD _b10 _c20130914 _lUCH01 _h2016 |
||
| 590 |
_aCONVERSION _b10 _c20130109 _lUCH01 _h1326 |
||
| 650 | 1 | 4 |
_aSociología. _9108197 |
| 830 | 0 |
_aSección de obras de sociología _9103511 |
|
| 901 | _aBK | ||
| 942 | _cLIBRO | ||
| 949 |
_a301 T5Y _bBC _cLIBRO _d33724000913729 _eLIBRO _h27810 _i51785 _si |
||
| 999 |
_c46670 _d46670 |
||